Tragédia v troch dejstvách

Bibliographic Details
Main Author: Christie, Agatha, 1890-1976 (Author)
Other Authors: Cinková, Lenka, 1987- (Translator)
Format: Book
Language:Slovak
English
PhysicalDescription:195 strán 21 cm
Published: Bratislava Slovensky spisovateľ, a.s. [2018]
ISBN:9788022020251
Subjects:

MARC

LEADER 00000cam a2200000 4500
001 vtls011742060
003 SK-MaSNL
005 20260301183002.0
008 200228s2018 xo gr 010 f slo
015 |a SNBA2018/10 
020 |a 9788022020251  |q (viazané) 
035 |a urn:nbn:sk:snk-am00db7l 
035 |a urn:nbn:sk:snk-am3hw8m 
035 |a C0835711-5CC7-435D-BB76-569DA64C25CA 
040 |a SNK  |b slo  |e rda  |c SNK 
041 1 |a slo  |h eng 
044 |a xo  |c SK 
072 7 |a 821.111-3  |x Anglická próza, anglicky písaná  |2 konspekt 
080 |a 821.111-31  |2 2011 
080 |a (0:82-312.4)  |2 2011 
100 1 |a Christie, Agatha,  |d 1890-1976  |4 aut  |9 88099 
240 1 0 |a Three Act Tragedy  |l Slovensky 
245 1 0 |a Tragédia v troch dejstvách  |c Agatha Christie ; z anglického originálu Three Act Tragedy preložila Lenka Cinková 
264 1 |a Bratislava  |b Slovensky spisovateľ, a.s.  |c [2018] 
264 4 |c ©2018 
300 |a 195 strán  |c 21 cm 
336 |a text  |b txt  |2 rdacontent 
337 |a bez média  |b n  |2 rdamedia 
338 |a zväzok  |b nc  |2 rdacarrier 
655 7 |a anglické romány  |2 SNKPH  |9 70428 
655 7 |a detektívne romány  |2 SNKPH  |9 70455 
655 7 |a English fiction  |2 SNKPHeng  |9 109944 
655 7 |a Detective novels  |2 SNKPHeng  |9 121444 
700 1 |a Cinková, Lenka,  |d 1987-  |4 trl  |9 166093 
852 |a Štátna vedecká knižnica v Banskej Bystrici 
919 |a 978-80-220-2025-1 
958 |a LX 
958 |a UP 
968 |b ENG 
999 |c 855454  |d 857384 
952 |a SNK  |b SNK  |y PREZ  |7 0  |p 17A1321319  |o snkSC 178415  |i snk2018/5020  |8 0  |0 0  |1 0  |4 0  |d 2018-02-28  |f 1  |l 0  |r 2025-09-19 00:00:00  |w 2026-02-24 
952 |a SNK  |b SNK  |y PREZ  |7 0  |p 17A1320990  |o snkSC 178415 D1  |i snk2018/5272  |8 0  |0 0  |1 0  |4 0  |d 2018-03-02  |l 0  |r 2026-02-24 04:55:01  |w 2026-02-24